Văn bản sắp xếp lại, xử lý nhà, đất thuộc sở hữu nhà nước
GỒm quyết định số 09/2007/QĐ-TTg về việc sắp xếp lại, xử lý nhà, đất thuộc sở hữu nhà nước và Thông tư số 83/2007/TT-BTC hướng dẫnth75c hịen quyết đinh6 số 09/2007 QĐ-TTg về việc sắp xếp lại, xử lý nhà, đất thuộc sở hữu nhà nước...
Wedi'i Gadw mewn:
| Fformat: | Llyfr |
|---|---|
| Iaith: | Undetermined |
| Cyhoeddwyd: |
Hà Nội
Chính trị Quốc gia
2008
|
| Pynciau: | |
| Tagiau: |
Ychwanegu Tag
Dim Tagiau, Byddwch y cyntaf i dagio'r cofnod hwn!
|
| Thư viện lưu trữ: | Trung tâm Học liệu Trường Đại học Cần Thơ |
|---|
| LEADER | 00980nam a2200193Ia 4500 | ||
|---|---|---|---|
| 001 | CTU_140029 | ||
| 008 | 210402s9999 xx 000 0 und d | ||
| 020 | |c 14000 | ||
| 082 | |a 346.597043 | ||
| 082 | |b V115 | ||
| 245 | 0 | |a Văn bản sắp xếp lại, xử lý nhà, đất thuộc sở hữu nhà nước | |
| 260 | |a Hà Nội | ||
| 260 | |b Chính trị Quốc gia | ||
| 260 | |c 2008 | ||
| 520 | |a GỒm quyết định số 09/2007/QĐ-TTg về việc sắp xếp lại, xử lý nhà, đất thuộc sở hữu nhà nước và Thông tư số 83/2007/TT-BTC hướng dẫnth75c hịen quyết đinh6 số 09/2007 QĐ-TTg về việc sắp xếp lại, xử lý nhà, đất thuộc sở hữu nhà nước | ||
| 650 | |a Property,Luật nhà đất | ||
| 650 | |z Vietnam,Việt Nam | ||
| 904 | |i Hạ Nguyên | ||
| 980 | |a Trung tâm Học liệu Trường Đại học Cần Thơ | ||